Economic development and the labor market in Japan
Đã lưu trong:
| 主要作者: | |
|---|---|
| 格式: | 圖書 |
| 語言: | Undetermined |
| 出版: |
New York
Columbia University Press
1970
|
| 主題: | |
| 標簽: |
添加標簽
沒有標簽, 成為第一個標記此記錄!
|
| Thư viện lưu trữ: | Trung tâm Học liệu Trường Đại học Cần Thơ |
|---|
| LEADER | 00469nam a2200169Ia 4500 | ||
|---|---|---|---|
| 001 | CTU_85755 | ||
| 008 | 210402s9999 xx 000 0 und d | ||
| 082 | |a 338.9 | ||
| 082 | |b T134 | ||
| 100 | |a Taira, Koji | ||
| 245 | 0 | |a Economic development and the labor market in Japan | |
| 260 | |a New York | ||
| 260 | |b Columbia University Press | ||
| 260 | |c 1970 | ||
| 650 | |a Economic development | ||
| 904 | |i Năm | ||
| 980 | |a Trung tâm Học liệu Trường Đại học Cần Thơ | ||